Babilonia

Shranjeno v:
Bibliografske podrobnosti
Glavni avtor: Oates, Joan (autora)
Format: Knjiga
Jezik:španščina
Izdano: Barcelona Martínez Roca 1989
Serija:Colección Enigmas de la Historia
Teme:
Oznake: Označite
Brez oznak, prvi označite!

MARC

LEADER 00000nam a2200000 a 4500
001 UCY5501
003 CL-VaPUC
008 950511e19890000SP |||||||||||||||||spa|d
082 0 4 |a 935.02  |b OAT  |2 21 
100 |a Oates, Joan  |e autora  |9 334327 
245 1 0 |a Babilonia 
300 |a 297 p 
942 |c BK 
945 |d 19950511 00:00:00  |a aalvarez 
260 |a Barcelona  |b Martínez Roca  |c 1989 
650 0 |a Babilonia  |9 334328 
650 0 |a Historia antigua  |9 267521 
583 |a last modification  |c 19950511 00:00:00  |k Rodrigo Vera 
490 0 |a Colección Enigmas de la Historia 
999 |c 233155  |d 233153 
952 |0 0  |1 0  |4 0  |6 935_020000000000000_OAT_1989  |7 0  |8 A  |9 238425  |a BIBHIS  |b BIBHIS  |d 2019-11-18  |i 3084922  |o 935.02 OAT 1989  |p 3084922  |r 2025-01-20  |w 2019-11-18  |y BK  |k HIS